|
|
|
|
| LEADER |
00000nam0a2200000 4500 |
| 001 |
274651 |
| 005 |
20231031230400.0 |
| 035 |
|
|
|a (RuTPU)RU\TPU\book\297861
|
| 090 |
|
|
|a 274651
|
| 100 |
|
|
|a 20141107d1986 m y0rusy50 ca
|
| 101 |
0 |
|
|a rus
|
| 102 |
|
|
|a RU
|
| 105 |
|
|
|a a j 001zy
|
| 200 |
1 |
|
|a Экономика, организация и планирование производства на предприятиях горнорудной промышленности
|e учебное пособие для техникумов
|f Н. Я. Лобанов, В. Г. Торцев
|
| 210 |
|
|
|a Москва
|c Недра
|d 1986
|
| 215 |
|
|
|a 328 с.
|c ил.
|
| 320 |
|
|
|a Библиогр.: с. 323
|
| 606 |
1 |
|
|a Горная промышленность, предприятия
|2 stltpush
|3 (RuTPU)RU\TPU\subj\7506
|
| 610 |
1 |
|
|a планирование
|
| 610 |
1 |
|
|a экономика
|
| 610 |
1 |
|
|a организация
|
| 610 |
1 |
|
|a учебные пособия
|
| 610 |
1 |
|
|a оборотные средства
|
| 610 |
1 |
|
|a себестоимость
|
| 610 |
1 |
|
|a научно-технический прогресс
|
| 610 |
1 |
|
|a общественное производство
|
| 610 |
1 |
|
|a вспомогательные процессы
|
| 610 |
1 |
|
|a управление
|
| 610 |
1 |
|
|a организация труда
|
| 675 |
|
|
|a 622.012:658(075.8)
|v 3
|
| 700 |
|
1 |
|a Лобанов
|b Н. Я.
|g Николай Яковлевич
|
| 701 |
|
1 |
|a Торцев
|b В. Г.
|g Виктор Григорьевич
|
| 801 |
|
1 |
|a RU
|b 63413507
|c 20141107
|
| 801 |
|
2 |
|a RU
|b 63413507
|c 20170324
|g RCR
|
| 942 |
|
|
|c BK
|